000 00473nam a2200181Ia 4500
001 19386
005 20260306172649.0
008 260306t2005||||xx |||||||||||||| ||spa||
041 _aESP
082 _a658.87
_bD35
100 _aDe Juan Vigaray, Maria Dolores
_eAUT
245 0 _aComercialización y retailing:
_bdistribución comercial aplicada
260 _c2005
300 _a398 páginas :
_c25 cm.
650 _aGEN
654 _aCAN
942 _cLIB
_dJUS
_fJUS
_2ddc
_n
999 _c19386
_d19386